Elecciones decisiones en varias dimensiones, crecimiento y desigualdad / (Registro nro. 8551)

Detalles MARC
000 -LEADER
fixed length control field 00879nam a2200229Ia 4500
003 - CONTROL NUMBER IDENTIFIER
control field OSt
005 - DATE AND TIME OF LATEST TRANSACTION
control field 20210922155408.0
008 - FIXED-LENGTH DATA ELEMENTS--GENERAL INFORMATION
fixed length control field 210310s1999 ck ad fr 000 0 spa d
040 ## - CATALOGING SOURCE
Original cataloging agency CO-JMCR
Transcribing agency CO-JMCR
041 0# - LANGUAGE CODE
Language code of text/sound track or separate title spa
082 04 - DEWEY DECIMAL CLASSIFICATION NUMBER
Classification number 339.5 /
Item number J371e
Edition number 23
100 1# - MAIN ENTRY--PERSONAL NAME
Personal name Jaramillo, Fernando,
9 (RLIN) 17455
Relator term autor
245 10 - TITLE STATEMENT
Title Elecciones decisiones en varias dimensiones, crecimiento y desigualdad /
Statement of responsibility, etc. Fernando Jaramillo
260 ## - PUBLICATION, DISTRIBUTION, ETC.
Place of publication, distribution, etc. Bogotá :
Name of publisher, distributor, etc. Centro de Estudios sobre Desarrollo Económico, Universidad de los Andes,
Date of publication, distribution, etc. 1999
300 ## - PHYSICAL DESCRIPTION
Extent 30 páginas :
Other physical details ilustraciones y gráficas a blanco y negro ;
Dimensions 27 cm.
490 0# - SERIES STATEMENT
Series statement Documento CEDE ;
Volume/sequential designation 99-07
500 ## - GENERAL NOTE
General note Incluye notas a pie de página.
504 ## - BIBLIOGRAPHY, ETC. NOTE
Bibliography, etc. note Bibliografía: páginas 29-30
650 14 - SUBJECT ADDED ENTRY--TOPICAL TERM
Topical term or geographic name entry element Ajuste estructural (política económica)
9 (RLIN) 17603
650 24 - SUBJECT ADDED ENTRY--TOPICAL TERM
Topical term or geographic name entry element Distribución (teoría económica)
9 (RLIN) 36753
942 ## - ADDED ENTRY ELEMENTS (KOHA)
Source of classification or shelving scheme Dewey Decimal Classification
Koha item type Books
Existencias
Withdrawn status Lost status Source of classification or shelving scheme Damaged status Not for loan Collection code Home library Current library Date acquired Source of acquisition Full call number Barcode Date last seen Copy number Koha item type
    Dewey Decimal Classification     Non-fiction Biblioteca Pública José María del Castillo y Rada Biblioteca Pública José María del Castillo y Rada 04/15/2018 Donación 339.5 / J371e 430006276 05/16/2024 Ej.1 Books